মুক্তিযুদ্ধ ৭১ যাপিত জীবন / (Record no. 11175)
[ view plain ]
| 000 -LEADER | |
|---|---|
| fixed length control field | 00701nam a2200217 a 4500 |
| 001 - CONTROL NUMBER | |
| JCCL Control Number | 11175 |
| 003 - CONTROL NUMBER IDENTIFIER | |
| JCCL marc code | BD-JhCC |
| 005 - DATE AND TIME OF LATEST TRANSACTION | |
| control field | 20190806140529.0 |
| 008 - FIXED-LENGTH DATA ELEMENTS--GENERAL INFORMATION | |
| fixed length control field | 190606b 2016bg |||| ||a| 000 0 ben d |
| 020 ## - INTERNATIONAL STANDARD BOOK NUMBER | |
| International Standard Book Number | 97898490080413 |
| 035 ## - SYSTEM CONTROL NUMBER | |
| system control number | (BD-JhCC)11175 |
| 040 ## - CATALOGING SOURCE | |
| Original cataloging agency | BD-JhCC |
| Modifying agency | BD-JhCC |
| 041 ## - LANGUAGE CODE | |
| Language code of Book | ben |
| 082 ## - DEWEY DECIMAL CLASSIFICATION NUMBER | |
| Author mark and Year | KHA 2016 |
| Classification number | 954.9205 |
| 100 ## - MAIN ENTRY--PERSONAL NAME | |
| Personal name | খান, বাছেত |
| 245 ## - TITLE STATEMENT | |
| Title | মুক্তিযুদ্ধ ৭১ যাপিত জীবন / |
| Statement of responsibility, etc | বাছেত খান । |
| 260 ## - PUBLICATION, DISTRIBUTION, ETC. (IMPRINT) | |
| Place of publication, distribution, etc | ঢাকা: |
| Name of publisher, distributor, etc | ন্যাশনাল পাবলিকেশন; |
| Date of publication, distribution, etc | ২০১৬. |
| 300 ## - PHYSICAL DESCRIPTION | |
| Pagination | ২০৭ পৃ. : |
| Dimensions | ২২ সেমি. |
| 942 ## - ADDED ENTRY ELEMENTS (KOHA) | |
| Source of classification or shelving scheme | Dewey Decimal Classification |
| Koha item type | Books |
| Source of classification or shelving scheme | Damaged status | Not for loan | Home library | Current library | Shelving location | Date of accession | Cost, normal purchase price | Total Checkouts | Full call number | Barcode | Date last seen | Copy number | Koha item type |
|---|---|---|---|---|---|---|---|---|---|---|---|---|---|
| Dewey Decimal Classification | JCC Rouf Library | JCC Rouf Library | General Stacks | 06/06/2019 | 210.00 | 954.9205 KHA 2016 | 15325 | 08/06/2019 | C-1 | Books |